| Tag |
First Indicator |
Second Indicator |
Subfields |
| LEADER |
00000cas a2200000 4500 |
| 001 |
in00000043935 |
| 005 |
20151007065031.0 |
| 008 |
750921c19uu9999fr uu i1uuua0eng |
| 010 |
|
|
|a 56000475
|
| 022 |
|
|
|a 0546-3874
|
| 035 |
|
|
|a (OCoLC)01643188
|
| 035 |
|
|
|9 AAE1148AM
|
| 040 |
|
|
|a DLC
|c MUL
|d TXA
|d UtOrBLW
|
| 049 |
|
|
|a TXAE
|
| 050 |
|
0 |
|a TL500
|b .N616
|
| 110 |
2 |
|
|a North Atlantic Treaty Organization.
|b Advisory Group for Aeronautical Research and Development
|n (General Assembly)
|
| 245 |
1 |
0 |
|a Proceedings. :
|b Proces-verbal.
|
| 246 |
0 |
1 |
|a Proces-verbal
|
| 264 |
|
1 |
|a [Paris]
|b [publisher not identified] ;
|
| 300 |
|
|
|a volumes in :
|b illustrations ;
|c 27 cm.
|
| 336 |
|
|
|a text
|b txt
|2 rdacontent
|
| 337 |
|
|
|a unmediated
|b n
|2 rdamedia
|
| 338 |
|
|
|a volume
|b nc
|2 rdacarrier
|
| 500 |
|
|
|a Proceedings for 19 -55 issued as the group's AG [document]
|
| 500 |
|
|
|a Order of title varies.
|
| 515 |
|
|
|a Proceedings of first assembly not published.
|
| 650 |
|
0 |
|a Aeronautics
|x Societies, etc.
|
| 710 |
2 |
2 |
|a North Atlantic Treaty Organization.
|b Advisory Group for Aeronautical Research and Development.
|b General Assembly.
|t Proces-verbal.
|
| 760 |
0 |
|
|a North Atlantic Treaty Organization. Advisory Group for Aeronautical Research and Development.
|t AG [document]
|
| 999 |
|
|
|a MARS
|
| 999 |
f |
f |
|s e98c0ddf-642d-3c79-a1af-33b3a44a6f10
|i 665a2826-e5e7-3348-a4bf-b2019456b76f
|t 0
|
| 952 |
f |
f |
|p ric
|a Texas A&M University
|b Rellis Campus
|c Joint Library Facility
|d Remote Storage
|t 0
|e TL500 .N616
|h Library of Congress classification
|i unmediated -- volume
|k 4th
|l 1954
|m A14842166705
|
| 952 |
f |
f |
|p ric
|a Texas A&M University
|b Rellis Campus
|c Joint Library Facility
|d Remote Storage
|t 0
|e TL500 .N616
|h Library of Congress classification
|i unmediated -- volume
|k 12th
|l 1962:July 11-12
|m A14842166861
|
| 952 |
f |
f |
|p ric
|a Texas A&M University
|b Rellis Campus
|c Joint Library Facility
|d Remote Storage
|t 0
|e TL500 .N616
|h Library of Congress classification
|i unmediated -- volume
|k 11th
|l 1961
|m A14842166879
|
| 952 |
f |
f |
|p ric
|a Texas A&M University
|b Rellis Campus
|c Joint Library Facility
|d Remote Storage
|t 0
|e TL500 .N616
|h Library of Congress classification
|i unmediated -- volume
|k 9th
|l 1959:Sept.24-25
|m A14842166887
|
| 952 |
f |
f |
|p ric
|a Texas A&M University
|b Rellis Campus
|c Joint Library Facility
|d Remote Storage
|t 0
|e TL500 .N616
|h Library of Congress classification
|i unmediated -- volume
|k 6th
|l 1956
|m A14842166671
|
| 952 |
f |
f |
|p ric
|a Texas A&M University
|b Rellis Campus
|c Joint Library Facility
|d Remote Storage
|t 0
|e TL500 .N616
|h Library of Congress classification
|i unmediated -- volume
|k 7th
|l 1957
|m A14842166663
|
| 952 |
f |
f |
|p ric
|a Texas A&M University
|b Rellis Campus
|c Joint Library Facility
|d Remote Storage
|t 0
|e TL500 .N616
|h Library of Congress classification
|i unmediated -- volume
|k 3rd
|l 1953
|m A14842166713
|
| 952 |
f |
f |
|p ric
|a Texas A&M University
|b Rellis Campus
|c Joint Library Facility
|d Remote Storage
|t 0
|e TL500 .N616
|h Library of Congress classification
|i unmediated -- volume
|k 8th
|l 1958
|m A14842166655
|
| 952 |
f |
f |
|p ric
|a Texas A&M University
|b Rellis Campus
|c Joint Library Facility
|d Remote Storage
|t 0
|e TL500 .N616
|h Library of Congress classification
|i unmediated -- volume
|k 5th
|l 1955
|m A14842166689
|
| 952 |
f |
f |
|p ric
|a Texas A&M University
|b Rellis Campus
|c Joint Library Facility
|d Remote Storage
|t 0
|e TL500 .N616
|h Library of Congress classification
|i unmediated -- volume
|k 13th
|l 1963:July 8-19
|m A14842166853
|
| 952 |
f |
f |
|p ric
|a Texas A&M University
|b Rellis Campus
|c Joint Library Facility
|d Remote Storage
|t 0
|e TL500 .N616
|h Library of Congress classification
|i unmediated -- volume
|k 4th
|l 1954
|m A14842166697
|
| 998 |
f |
f |
|a TL500 .N616
|s 3rd (1953)-9th (1959),11th (1961)-13th (1963)
|t 0
|l Remote Storage
|